Design innovation for the built environment : (Record no. 19225)
[ view plain ]
| 000 -LEADER | |
|---|---|
| fixed length control field | 01106cam a22002774a 4500 |
| 001 - CONTROL NUMBER | |
| control field | 16900173 |
| 003 - CONTROL NUMBER IDENTIFIER | |
| control field | EG-ScBUE |
| 005 - DATE AND TIME OF LATEST TRANSACTION | |
| control field | 20221012100822.0 |
| 008 - FIXED-LENGTH DATA ELEMENTS--GENERAL INFORMATION | |
| fixed length control field | 110802s2012 enka f b 001 0 eng d |
| 020 ## - INTERNATIONAL STANDARD BOOK NUMBER | |
| International Standard Book Number | 9780415596657 (pbk. : alk. paper) |
| 020 ## - INTERNATIONAL STANDARD BOOK NUMBER | |
| International Standard Book Number | 0415596653 (pbk. : alk. paper) |
| 040 ## - CATALOGING SOURCE | |
| Original cataloging agency | DLC |
| Language of cataloging | eng |
| Description conventions | rda |
| Transcribing agency | DLC |
| Modifying agency | YDX |
| -- | BTCTA |
| -- | UKMGB |
| -- | YDXCP |
| -- | E7B |
| -- | CDX |
| -- | OCLCO |
| -- | COO |
| -- | OCLCQ |
| -- | DLC |
| -- | EG-ScBUE |
| -- | EG-ScBUE |
| 082 04 - DEWEY DECIMAL CLASSIFICATION NUMBER | |
| Classification number | 720.72 |
| Item number | DES |
| Edition number | 22 |
| 245 00 - TITLE STATEMENT | |
| Title | Design innovation for the built environment : |
| Remainder of title | research by design and the renovation of practice / |
| Statement of responsibility, etc | edited by Michael U. Hensel. |
| 246 30 - VARYING FORM OF TITLE | |
| Title proper/short title | Research by design and the renovation of practice |
| 264 #1 - PUBLICATION, DISTRIBUTION, ETC. (IMPRINT) | |
| Place of publication, distribution, etc | Oxon ; |
| -- | New York : |
| Name of publisher, distributor, etc | Routledge / Taylor & Francis, |
| Date of publication, distribution, etc | 2012. |
| 300 ## - PHYSICAL DESCRIPTION | |
| Extent | xvi, 262 pages : |
| Other physical details | illustrations ; |
| Dimensions | 25 cm |
| 504 ## - BIBLIOGRAPHY, ETC. NOTE | |
| Bibliography, etc | Includes bibliographical references and index.<br/> |
| 650 #7 - SUBJECT ADDED ENTRY--TOPICAL TERM | |
| Topical term or geographic name as entry element | Architecture |
| General subdivision | Research. |
| Source of heading or term | BUEsh |
| 9 (RLIN) | 32859 |
| 650 #7 - SUBJECT ADDED ENTRY--TOPICAL TERM | |
| Topical term or geographic name as entry element | Architectural practice. |
| Source of heading or term | BUEsh |
| 9 (RLIN) | 37735 |
| 651 ## - SUBJECT ADDED ENTRY--GEOGRAPHIC NAME | |
| Source of heading or term | BUEsh |
| 653 ## - INDEX TERM--UNCONTROLLED | |
| Resource For college | Engineering, Architecture |
| Arrived date list | April2015 |
| -- | March2016 |
| 655 ## - INDEX TERM--GENRE/FORM | |
| Form subdivision | Reading book |
| 700 1# - ADDED ENTRY--PERSONAL NAME | |
| Personal name | Hensel, Michael, |
| Relator term | editor. |
| 9 (RLIN) | 37736 |
| 942 ## - ADDED ENTRY ELEMENTS (KOHA) | |
| Source of classification or shelving scheme | Dewey Decimal Classification |
| Koha item type | Book - Borrowing |
| Withdrawn status | Lost status | Source of classification or shelving scheme | Damaged status | Not for loan | Collection code | Home library | Current library | Shelving location | Date acquired | Source of acquisition | Cost, normal purchase price | Serial Enumeration / chronology | Total Checkouts | Full call number | Barcode | Date last seen | Cost, replacement price | Price effective from | Koha item type | Total Renewals | Date checked out |
|---|---|---|---|---|---|---|---|---|---|---|---|---|---|---|---|---|---|---|---|---|---|
| Dewey Decimal Classification | ايمك | Central Library | Central Library | Second Floor | 27/04/2015 | 408.00 | 2447 | 720.72 DES | 000038080 | 15/07/2025 | 510.00 | 27/04/2015 | Book - Borrowing | ||||||||
| Dewey Decimal Classification | Scientific home BookShop | Central Library | Central Library | Second Floor | 28/03/2016 | Purchase | 425.00 | 1 | 1 | 720.72 DES | 000032164 | 15/07/2025 | 531.25 | 28/03/2016 | Book - Borrowing | 2 | 25/09/2016 |